书目信息 |
| 题名: |
心碎你好
|
|
| 作者: | 石康 著 | |
| 分册: | ||
| 出版信息: | 北京 华夏出版社 2003.10 |
|
| 页数: | 253页 | |
| 开本: | 21cm | |
| 丛书名: | ||
| 单 册: | ||
| 中图分类: | I247.57 | |
| 科图分类: | ||
| 主题词: | 长篇小说--chang pian xiao shuo--中国--当代 | |
| 电子资源: | ||
| ISBN: | 7-5080-3240-3 | |
| 000 | 00792nam0 2200241 450 | |
| 001 | 012008071360 | |
| 005 | 20080322144648.62 | |
| 010 | @a7-5080-3240-3@dCNY16.00 | |
| 100 | @a20080322d2003 km y0chiy0121 ea | |
| 101 | 0 | @achi |
| 102 | @aCN@b110000 | |
| 105 | @ay z 000ay | |
| 106 | @ar | |
| 200 | 1 | @a心碎你好@Axin sui ni hao@d= ello Heartbreak@f石康著@Fshi kang zhu@zeng |
| 210 | @a北京@c华夏出版社@d2003.10 | |
| 215 | @a253页@d21cm | |
| 330 | @a2000年初,主人翁认识袁晓晨。在冬天的北京,在公共场所,在西北风也吹不动的阴郁的惨雾愁云之下,我们的关系简单干净。 | |
| 510 | 1 | @aHello Heartbreak@zeng |
| 606 | 0 | @a长篇小说@Achang pian xiao shuo@y中国@z当代 |
| 690 | @aI247.57@v4 | |
| 701 | 0 | @a石康@Ashi kang@4著 |
| 801 | 0 | @aCN@bQSSK@c20080322 |
| 905 | @b20289687-90@dI247.57@eS526@f4 | |
| 心碎你好= ello Heartbreak/石康著.-北京:华夏出版社,2003.10 |
| 253页;21cm |
| ISBN 7-5080-3240-3:CNY16.00 |
| 2000年初,主人翁认识袁晓晨。在冬天的北京,在公共场所,在西北风也吹不动的阴郁的惨雾愁云之下,我们的关系简单干净。 |
| ● |
| 相关链接 |
|
|
|
正题名:心碎你好
索取号:I247.57/S526
 
预约/预借
| 序号 | 登录号 | 条形码 | 馆藏地/架位号 | 状态 | 备注 |
| 1 | 289687 | 202896875 | 社科二线400B/108文学库 36排9列1层/ [索取号:I247.57/S526] | 在馆 | |
| 2 | 289688 | 202896884 | 文学库108/108文学库 51排8列1层/ [索取号:I247.57/S526] | 在馆 | |
| 3 | 289689 | 202896893 | 文学库108/108文学库 51排8列1层/ [索取号:I247.57/S526] | 在馆 | |
| 4 | 289690 | 202896900 | 社科二线400B/108文学库 52排3列1层/ [索取号:I247.57/S526] | 在馆 |